00429nam a2200157Ia 4500003000400000005001700004008004100021020001500062040000900077082001800086100002300104245007300127260004500200300000900245650001700254OSt20201201110232.0190216s9999||||xx |||||||||||||| ||und|| a0198573979 coclc a612.76bMAR/B aMargaria, Rodolfo  0aBiomechanics And Energetics Of Muscular Exercise /cRodolfo Margaria bClarendon Press Oxford,c1976.a London: a141p aBiomechanics